[Event "1st WinTV Open"]
[Site "Chennai IND"]
[Date "2004.01.25"]
[Round "6"]
[White "Rahman,Zia"]
[Black "Babu,NS"]
[Result "1-0"]
[WhiteElo "2492"]
[BlackElo "2339"]

1.Nf3 d5 2.d4 Nf6 3.c4 e6 4.g3 Be7 5.Bg2 O-O 6.O-O dxc4 7.Qc2 a6 8.a4 Bd7
9.Qxc4 Bc6 10.Bf4 Nbd7 11.Nc3 Nb6 12.Qd3 Nbd5 13.Bg5 Nb4 14.Qd2 Ne4 15.Nxe4 Bxe4
16.Qf4 Bc6 17.Bxe7 Qxe7 18.Rfc1 Rac8 19.Ra3 Qd6 20.a5 Qxf4 21.gxf4 Rfd8 22.e3 f6
23.Rb3 Na2 24.Rc5 Bd5 25.Ra3 Nb4 26.Ne1 b6 27.Rc1 Kf7 28.Bxd5 exd5 29.Ra4 bxa5
30.Rxa5 Rd6 31.Rac5 c6 32.R1c3 Rb8 33.Rb3 Rdd8 34.Ra5 Rd7 35.Nd3 Rdb7 36.Nc5 Rb5
37.Nxa6 Nxa6 38.Rbxb5 Rxb5 39.Rxa6 Rxb2 40.Rxc6 f5 41.Kg2 h6 42.Rc7+ Kf6
43.Rc8 Kf7 44.Rh8 Ke7 45.h4 Kf7 46.h5 Ke7 47.Rg8 Kf7 48.Rd8 Rb5 49.Rd7+ Kf6
50.Kf3 Ra5 51.Ke2 g5 52.hxg6 Kxg6 53.Rd6+ Kg7 54.Kf3 Rb5 55.Kg3 Ra5 56.Kh4 Rb5
57.Kg3 Ra5 58.Rc6 Ra7 59.Rc5 Rd7 60.Kh4 Rd6 61.Kh5 Kf7 62.Rc7+ Ke8 63.Rh7  1-0

[Event "1st WinTV Open"]
[Site "Chennai IND"]
[Date "2004.01.25"]
[Round "6"]
[White "Gokhale,A"]
[Black "Vedadri,K"]
[Result "1-0"]
[WhiteElo "2218"]
[BlackElo "2071"]

1.d4 Nf6 2.c4 e6 3.g3 d5 4.Nf3 Be7 5.Bg2 O-O 6.O-O Nbd7 7.Qc2 c5 8.cxd5 exd5
9.b3 b6 10.Bb2 Bb7 11.dxc5 Nxc5 12.Nd4 Re8 13.Nc3 Rc8 14.Bh3 Nce4 15.Bxc8 Bxc8
16.Nxe4 dxe4 17.Rfd1 Qd7 18.Nc6 Qe6 19.Nxe7+ Qxe7 20.Qc6 Nd7 21.Rac1 h6 22.Qd6 Qxd6
23.Rxd6 Nc5 24.Bd4 Ne6 25.Be3 Kf8 26.a4 Ke7 27.Rd2 Bd7 28.f4 f5 29.Kf2 g5
30.Rd5 Rf8 31.a5 bxa5 32.Bc5+ Nxc5 33.Rcxc5 Be6 34.Rc7+ Kf6 35.Rd6 Rf7 36.Rxf7+ Kxf7
37.Ra6 Bxb3 38.Rxa5 gxf4 39.gxf4 Kg6 40.Rxa7 Bc4 41.Rc7 Bb3 42.Rc6+ Kg7 43.Ke3 Bf7
44.Kd4 Bh5 45.e3 Be8 46.Rb6  1-0

[Event "IM"]
[Site "Marianske Lazne CZE"]
[Date "2004.01.26"]
[Round "3"]
[White "Pribyl,Jo"]
[Black "Luch,M"]
[Result "1/2-1/2"]
[WhiteElo "2371"]
[BlackElo "2294"]

1.d4 Nf6 2.Nf3 e6 3.g3 d5 4.Bg2 Be7 5.c4 O-O 6.b3 c5 7.cxd5 Nxd5 8.O-O Nc6
9.Bb2 cxd4 10.Nxd4 Nxd4 11.Bxd4 Bd7 12.Nc3 Bc6 13.Nxd5 Bxd5 14.e3 Bxg2 15.Kxg2 Bf6
16.Bxf6 Qxf6 17.Qf3 Qe7 18.Rac1 Rac8 19.Rfd1 g6 20.h4 h5 21.Qe4 b6 22.b4 Rfd8
23.a4 Rxc1 24.Rxc1 Qf6 25.Rc7 Rd2 26.Qf3 Qxf3+ 27.Kxf3 a6 28.Rc6 Ra2 29.a5 bxa5
30.Rxa6 a4 31.Ke4 Rxf2 32.Rxa4 Kg7 33.Ra7 Kf6 34.Rb7 g5 35.Rb5 gxh4 36.gxh4 Rg2
37.Rg5 Rb2 38.Rb5 Rg2  1/2-1/2

[Event "1st WinTV Open"]
[Site "Chennai IND"]
[Date "2004.01.27"]
[Round "8"]
[White "Vakhidov,T"]
[Black "Babu,NS"]
[Result "1-0"]
[WhiteElo "2515"]
[BlackElo "2339"]

1.Nf3 d5 2.d4 Nf6 3.c4 e6 4.g3 Be7 5.Bg2 O-O 6.O-O dxc4 7.Qc2 a6 8.Qxc4 b5
9.Qc2 Bb7 10.Bd2 Be4 11.Qc1 Nbd7 12.Ba5 Rc8 13.Nbd2 Ba8 14.Qc2 Qe8 15.b4 Nd5
16.a3 f5 17.Rad1 Kh8 18.e4 fxe4 19.Nxe4 Qg6 20.Qb3 Bd6 21.Rfe1 Rce8 22.Re2 Qg4  1-0

[Event "1st WinTV Open"]
[Site "Chennai IND"]
[Date "2004.01.27"]
[Round "8"]
[White "Gokhale,A"]
[Black "Venkatakrishnan,R"]
[Result "1-0"]
[WhiteElo "2218"]
[BlackElo "2094"]

1.d4 d5 2.c4 e6 3.Nf3 Nf6 4.g3 Be7 5.Bg2 c6 6.Nbd2 O-O 7.O-O b6 8.Qc2 Bb7
9.cxd5 cxd5 10.Ne5 Na6 11.Nc6 Nb4 12.Nxe7+ Qxe7 13.Qb3 Rfc8 14.Nf3 Ba6 15.Bd2 Nc6
16.Qe3 Ne4 17.Rfc1 Nxd2 18.Qxd2 Na5 19.Ne5 f6 20.Nd3 Nc4 21.Qb4 Qd7 22.Qe1 Bb7
23.e3 Nd6 24.Bf1 Ne4 25.Rxc8+ Rxc8 26.Rc1 Kf7 27.Rxc8 Qxc8 28.Qc1 Qd7 29.Qc2 Bc6
30.Nf4 g6 31.h4 Kg7 32.Bh3 f5 33.Bf1 Nf6 34.Be2 Qd6 35.b4 Ne4 36.a3 Kf6 37.Kg2 Qd7
38.Qc1 Nd6 39.Nh3 Nc4 40.e4 b5 41.Qg5+ Kg7 42.e5 Qf7 43.Qd8 h6 44.Nf4 Nxa3
45.h5 g5 46.Nd3 Nc2 47.Nc5 Nxd4 48.Bd3 g4 49.Qd6 Kh7 50.Nxe6 Qxe6 51.Qxe6 Nxe6
52.Bxf5+ Kg7 53.Bxe6 d4+ 54.Kf1 Bf3 55.Ke1 Kf8 56.Kd2 Be4 57.Bxg4 a5 58.bxa5 b4
59.Be6 Ke7 60.Bb3 Kd8 61.a6 Kc7 62.a7 Kb7 63.e6 Kxa7 64.e7 Bc6 65.Kd3 Kb6
66.Kxd4 Be8 67.g4 Kc7 68.Ke5 Kd7 69.Kf6 Kd6 70.f4 Bd7 71.g5 hxg5 72.fxg5  1-0

[Event "OSS January It"]
[Site "Oslo NOR"]
[Date "2004.01.27"]
[Round "2"]
[White "Kuljasevic,D"]
[Black "Bukal,V sr"]
[Result "1/2-1/2"]
[WhiteElo "2413"]
[BlackElo "2424"]

1.d4 d5 2.c4 e6 3.Nf3 Nf6 4.g3 Be7 5.Bg2 O-O 6.O-O dxc4 7.Qc2 a6 8.Qxc4 b5
9.Qc2 Bb7 10.Bf4 Nc6 11.Rd1 Nb4 12.Qc1 Rc8 13.Nc3 Nbd5 14.Nxd5 Bxd5 15.Be3 Ng4
16.Bf4 Nf6 17.Be3 Ng4  1/2-1/2

[Event "75th ch-GER"]
[Site "Hoeckendorf GER"]
[Date "2004.01.30"]
[Round "1"]
[White "Meins,G"]
[Black "Giessmann,S"]
[Result "1-0"]
[WhiteElo "2460"]
[BlackElo "2287"]

1.d4 Nf6 2.Nf3 d5 3.c4 e6 4.g3 Be7 5.Bg2 O-O 6.O-O dxc4 7.Qc2 a6 8.a4 c5
9.dxc5 Bxc5 10.Qxc4 Qe7 11.Ne5 Nbd7 12.Nd3 Bd6 13.Nc3 Rb8 14.Rd1 Nc5 15.Nxc5 Bxc5
16.Bg5 Qc7 17.e3 Bd6 18.Qh4 Be5 19.Rac1 Qb6 20.f4 Qxe3+ 21.Kh1 Bxc3 22.Rxc3 Qe2
23.Bf3 Qxb2 24.Bxf6 gxf6 25.Qxf6 b5 26.Qg5+ Kh8 27.Qe7 Bb7 28.Qf6+ Kg8 29.Qg5+ Kh8
30.Qf6+ Kg8 31.Bxb7 Rxb7 32.Qg5+ Kh8 33.Qf6+ Kg8 34.Qg5+ Kh8 35.Rd8 Qb1+
36.Kg2 Rxd8 37.Qxd8+ Kg7 38.Rc8 Qb2+ 39.Kh3 bxa4 40.Qg5+  1-0

[Event "TCh-FRA Nat1 GpB"]
[Site "Cannes FRA"]
[Date "2004.02.01"]
[Round "3"]
[White "Tkachiev,V"]
[Black "Sakelsek,T"]
[Result "1/2-1/2"]
[WhiteElo "2642"]
[BlackElo "2374"]

1.d4 Nf6 2.c4 e6 3.g3 d5 4.Nf3 Be7 5.Bg2 O-O 6.Qc2 dxc4 7.Qxc4 a6 8.Bf4 Nd5
9.O-O b5 10.Qc2 Bb7 11.Nc3 Nxf4 12.gxf4 Nd7 13.Rfd1 Nf6 14.Ne5 Bxg2 15.Kxg2 Bd6
16.e3 Qc8 17.Nc6 Qb7 18.Ne4 Nd5 19.Kf1 a5 20.a3 b4 21.Rdc1 Ra6 22.axb4 Bxb4
23.Ne5 Bd6 24.Nc6 Bb4 25.Qc4 Rb6 26.Kg1 h6 27.Rc2 Ra8 28.Rac1 Bd6 29.Qe2 Nb4
30.Nxb4 Rxb4 31.Nc3 Rb8 32.Ra1 Qa8 33.Ra2 Rb3 34.Qf1 Qf3 35.Qg2 Qh5 36.f3 Bb4
37.Qg4 Qxg4+ 38.fxg4 Bxc3 39.bxc3 Ra8 40.Ra4 Kf8 41.Rca2  1/2-1/2

[Event "1st WinTV Open"]
[Site "Chennai IND"]
[Date "2004.02.01"]
[Round "13"]
[White "Iskusnyh,S"]
[Black "Venkatesh,M"]
[Result "1-0"]
[WhiteElo "2482"]
[BlackElo "2392"]

1.d4 Nf6 2.c4 e6 3.g3 d5 4.Nf3 Be7 5.Bg2 O-O 6.O-O dxc4 7.Qc2 a6 8.Qxc4 b5
9.Qc2 Bb7 10.Bd2 Be4 11.Qc1 Nbd7 12.Ba5 Rc8 13.Nbd2 Ba8 14.Qc2 Nb8 15.a3 Nc6
16.Bc3 a5 17.Nb3 a4 18.Nbd2 Nb8 19.b4 axb3 20.Qxb3 Nd5 21.Bb2 Nd7 22.Ne4 c5
23.dxc5 f5 24.Nc3 Nxc5 25.Qd1 Bf6 26.Rc1 Nxc3 27.Rxc3 Qxd1 28.Rxd1 Bxc3 29.Bxc3 Ne4
30.Ba5 Nc3 31.Rd2 Na4 32.h4 Bd5 33.Nd4 Bxg2 34.Kxg2 e5 35.Nf3 e4 36.Nd4 Rb8
37.Rc2 Rb7 38.Bb4 Rf6 39.Rc8+ Kf7 40.h5 g5 41.Rf8+ Kg7 42.Nxf5+ Rxf5 43.Rxf5 h6  1-0

[Event "1st WinTV Open"]
[Site "Chennai IND"]
[Date "2004.02.01"]
[Round "13"]
[White "Lodhi,M"]
[Black "Arun Prasad,S"]
[Result "1-0"]
[WhiteElo "2395"]
[BlackElo "2292"]

1.d4 Nf6 2.Nf3 e6 3.g3 d5 4.Bg2 Be7 5.c4 O-O 6.O-O dxc4 7.Qc2 a6 8.a4 Nc6
9.Qxc4 a5 10.Nc3 Nb4 11.Rd1 c6 12.Ne5 Nd7 13.Bf4 Nb6 14.Qb3 N6d5 15.Bd2 Nb6
16.Rac1 f6 17.Nf3 Re8 18.e4 Kh8 19.h4 Bf8 20.Be3 Bd7 21.h5 Rc8 22.Bh3 Qe7
23.Kg2 Qf7 24.Bg4 c5 25.dxc5 Bxc5 26.Bxc5 Rxc5 27.Nb5 Bxb5 28.axb5 Rxc1 29.Rxc1 Qd7
30.h6 gxh6 31.Qe3 Na4 32.b3  1-0

[Event "FSIM February"]
[Site "Budapest HUN"]
[Date "2004.02.07"]
[Round "1"]
[White "Pap,G"]
[Black "Rudolf,A"]
[Result "1-0"]
[WhiteElo "2226"]
[BlackElo "2199"]

1.d4 Nf6 2.Nf3 e6 3.g3 d5 4.Bg2 Be7 5.c4 c6 6.Qc2 b6 7.O-O Bb7 8.Nbd2 O-O
9.e4 Na6 10.e5 Nd7 11.a3 Rc8 12.cxd5 cxd5 13.Qa4 Nab8 14.Re1 Qc7 15.Bf1 Qc2
16.Qxc2 Rxc2 17.Bd3 Rc7 18.Nf1 Ba6 19.Bxa6 Nxa6 20.Ne3 Nab8 21.Bd2 Nc6 22.Rac1 Rfc8
23.Rc3 Kf8 24.Rec1 Ke8 25.h4 Kd8 26.Kf1 h6 27.Ke2 Na5 28.Rxc7 Rxc7 29.Rxc7 Kxc7
30.Bxa5 bxa5 31.Nd2 Nb6 32.Kd3 Kd7 33.h5 f6 34.f4 Ke8 35.g4 Kf7 36.Nb3 Na4
37.Kc2 Bd8 38.Nd1 g6 39.Nc3 Nxc3 40.bxc3 f5 41.gxf5 gxf5 42.Nc5 Bb6 43.Na4 Bd8
44.Nb2 Ke8 45.c4 dxc4 46.Nxc4 Kd7 47.a4 Bc7 48.Kd3 Kc6 49.Ne3 Kd7 50.Kc4 Bb6
51.Nd1 Bd8 52.d5 Bh4 53.Nc3 Be1 54.Ne2 Bf2 55.dxe6+ Kxe6 56.Nd4+ Bxd4 57.Kxd4  1-0

[Event "AS04 Centenary"]
[Site "Copenhagen DEN"]
[Date "2004.02.08"]
[Round "2"]
[White "Romsdal,T"]
[Black "Mortensen,H"]
[Result "1-0"]
[WhiteElo "2198"]
[BlackElo "2040"]

1.d4 d5 2.c4 e6 3.Nf3 Nf6 4.g3 Be7 5.Bg2 O-O 6.O-O Nbd7 7.Qc2 c6 8.Nbd2 b6
9.e4 dxe4 10.Nxe4 Bb7 11.Ne5 Nxe5 12.dxe5 Nxe4 13.Qxe4 Qc7 14.Be3 Rad8 15.Rfd1 Rxd1+
16.Rxd1 Rd8 17.Rxd8+ Qxd8 18.Bf3 Qd7 19.a3 Ba6 20.b4 g6 21.h4 f5 22.exf6 Bxf6
23.h5 Kg7 24.hxg6 hxg6 25.Qf4 g5 26.Qe4 Kf8 27.Bh5 Bb7 28.c5 Ba6 29.Qg6 Qe7
30.cxb6 axb6 31.Bxb6  1-0

[Event "AS04 Centenary"]
[Site "Copenhagen DEN"]
[Date "2004.02.09"]
[Round "3"]
[White "Lund,E"]
[Black "Costello,C"]
[Result "1-0"]
[WhiteElo "2289"]
[BlackElo "2041"]

1.d4 d5 2.c4 e6 3.Nf3 Nf6 4.g3 Be7 5.Bg2 O-O 6.O-O Nbd7 7.Nbd2 c5 8.cxd5 exd5
9.b3 b6 10.Bb2 Bb7 11.Rc1 Rc8 12.Rc2 Re8 13.Qa1 Bf8 14.Re1 Ne4 15.Bh3 Rc7
16.Rec1 Ndf6 17.Ne5 Nxd2 18.Rxd2 cxd4 19.Bxd4 Ba3 20.Rxc7 Qxc7 21.Ng4 Nxg4
22.Bxg4 f6 23.Qd1 Qe7 24.Rc2 Bd6 25.Bf3 Qf7 26.Qc1 g6 27.h4 h5 28.Qd2 Kg7
29.Qd3 Re7 30.Qd2 Kh7 31.b4 Kg7 32.a4 Rc7 33.Rxc7 Qxc7 34.Qb2 Qe7 35.a5 bxa5
36.bxa5 Ba6 37.Bxd5 Bxe2 38.Bxf6+ Qxf6 39.Qxe2 Qa1+ 40.Kg2 Qxa5 41.Qe6 Qc7
42.Be4 Qe7 43.Qxg6+ Kf8 44.Bf3 a5 45.Qf5+ Kg7 46.Qxa5 Be5 47.Bxh5 Qb7+ 48.Bf3 Qb2
49.Qa7+ Kf6 50.Bd5 Bxg3 51.Qf7+ Ke5 52.Qg7+  1-0

[Event "12th Aosta Open"]
[Site "St Vincent ITA"]
[Date "2004.02.09"]
[Round "2"]
[White "Borgo,G"]
[Black "Ranieri,F"]
[Result "1/2-1/2"]
[WhiteElo "2409"]
[BlackElo "2192"]

1.c4 e6 2.g3 d5 3.Bg2 Nf6 4.Nf3 Be7 5.d4 O-O 6.Qc2 c6 7.O-O Nbd7 8.Bf4 b6
9.Ne5 Nxe5 10.dxe5 Nd7 11.cxd5 cxd5 12.e4 d4 13.h4 a5 14.Rd1 Nc5 15.Qd2 Bb7
16.f3 Ba6 17.Bf1 Bxf1 18.Kxf1 Qe8 19.Na3 Rd8 20.Rac1 f5 21.exf6 Bxf6 22.e5 Be7
23.Kg2 Qg6 24.Bg5 Bxg5 25.Qxg5 Qf7 26.Rf1 Rd5 27.Nc4 h6 28.Qg4 Nd3 29.Rcd1 Nxe5
30.Nxe5 Rxe5 31.Rf2 Re3 32.Rxd4 h5 33.Qf4 Qxf4 34.Rxf4 Rxf4 35.gxf4 Kf7 36.Rc2 Rd3
37.Kg3 b5 38.Rc5 Rd5 39.Rc7+ Kf6 40.Ra7 Rd2 41.Rxa5 Rxb2 42.a4  1/2-1/2

[Event "12th Aosta Open"]
[Site "St Vincent ITA"]
[Date "2004.02.10"]
[Round "4"]
[White "Burmakin,V"]
[Black "Ranieri,F"]
[Result "1-0"]
[WhiteElo "2596"]
[BlackElo "2192"]

1.d4 e6 2.c4 d5 3.Nf3 Nf6 4.g3 Be7 5.Bg2 O-O 6.O-O Nbd7 7.b3 c6 8.Nc3 b6
9.Bb2 Ba6 10.Re1 Rc8 11.e4 dxc4 12.Bf1 b5 13.bxc4 bxc4 14.Qa4 Bb5 15.Qc2 Qa5
16.Nd2 Nb6 17.Rec1 Rfd8 18.a4 Ba6 19.Ncb1 Bb4 20.e5 Nfd5 21.Ne4 h6 22.Ba3 Bxa3
23.Nxa3 c3 24.Bxa6 Qxa6 25.Nc5 Qa5 26.Nb7 Qxa4 27.Qxa4 Nxa4 28.Nxd8 Rxd8
29.Nb1 Nb2 30.Nxc3 Nd3 31.Rc2 N5b4 32.Rd2 Rxd4 33.Rxa7 Rc4 34.Ne2 Nxe5 35.Rd8+ Kh7
36.f4 Rc2 37.Nd4 Rc1+ 38.Kg2 Ng4 39.Rxf7 Nd5 40.Nxe6 Rc2+ 41.Kh3 Nf2+ 42.Kh4 Kg6
43.Rdf8  1-0

[Event "AS04 Centenary"]
[Site "Copenhagen DEN"]
[Date "2004.02.12"]
[Round "6"]
[White "Skjoldan,B"]
[Black "Royset,P"]
[Result "0-1"]
[WhiteElo "2080"]
[BlackElo "2254"]

1.d4 Nf6 2.c4 e6 3.g3 d5 4.Bg2 Be7 5.Nf3 O-O 6.O-O dxc4 7.Qc2 Bd7 8.Ne5 Bc6
9.Nxc6 Nxc6 10.e3 Na5 11.Bd2 c5 12.Qa4 Nc6 13.dxc5 Bxc5 14.Qxc4 Be7 15.Bc3 Rc8
16.Qe2 Nd5 17.Rd1 Nxc3 18.Nxc3 Qb6 19.Rd7 Rc7 20.Rad1 Rfc8 21.Qb5 Kf8 22.a3 Rxd7
23.Rxd7 Qxb5 24.Nxb5 Na5 25.b4 Rc1+ 26.Bf1 Ke8 27.Rxe7+ Kxe7 28.bxa5 a6 29.Nd4 Rc3
30.Bg2 Rc1+ 31.Bf1 g6 32.f4 f6 33.Kf2 e5 34.fxe5 fxe5 35.Nf3 Rc5 36.Nd2 Rxa5
37.Nb1 Rc5 38.Bd3 b5 39.Kf3 Kd6 40.h4 Rc1 41.h5 gxh5 42.Bxh7 Rf1+ 43.Ke2 Rf7
44.Bd3 Rf8 45.Nc3 Kc5 46.Ne4+ Kb6 47.Kd2 Rd8 48.Kc2 Ka5 49.Nf6 Ka4 50.Nxh5 Kxa3
51.g4 b4 52.Be4 b3+ 53.Kc3 Rc8+ 54.Kd2 b2 55.Nf6 Rc1 56.Nd7 b1=Q 57.Bxb1 Rxb1
58.Nxe5 Kb3 59.Nd3 a5 60.e4 Kc4 61.e5 Kd5 62.g5 Ke6 63.g6 Kf5 64.g7 Rg1 65.Kc3 Rxg7
66.Kb3 Rg4 67.Nb2 Kxe5 68.Nc4+ Kd4 69.Nxa5 Rg6 70.Kc2 Rg2+ 71.Kb3 Rg6 72.Kc2 Rg2+
73.Kb3 Kc5 74.Nb7+ Kc6 75.Nd8+ Kd5 76.Nb7 Rg4 77.Kc3 Ra4  0-1

[Event "X Open"]
[Site "Coria del Rio ESP"]
[Date "2004.02.13"]
[Round "3"]
[White "Migens Romero,J"]
[Black "Ferrer Garcia,I"]
[Result "1-0"]
[WhiteElo "2120"]
[BlackElo "2178"]

1.d4 e6 2.Nf3 d5 3.g3 Nf6 4.Bg2 Be7 5.c4 O-O 6.O-O c5 7.dxc5 Nc6 8.a3 dxc4
9.Qa4 e5 10.Rd1 Qa5 11.Qc2 Bxc5 12.Bg5 e4 13.Bxf6 exf3 14.Bc3 Qb6 15.exf3 Be6
16.a4 Nd4 17.Bxd4 Bxd4 18.Nc3 a6 19.a5 Qa7 20.f4 Bg4 21.Rd2 Rfd8 22.h3 Be6
23.f5 Bxc3 24.Rxd8+ Rxd8 25.fxe6 Rd2 26.Qf5 Rxf2 27.exf7+ Kf8 28.Qc8+ Ke7
29.Qe8+ Kd6 30.Kh1  1-0

[Event "X Open"]
[Site "Coria del Rio ESP"]
[Date "2004.02.13"]
[Round "3"]
[White "Llorente,J"]
[Black "Perez,Rod"]
[Result "1/2-1/2"]
[WhiteElo "2295"]
[BlackElo "2458"]

1.d4 d5 2.Nf3 Nf6 3.c4 e6 4.g3 Be7 5.Bg2 O-O 6.O-O dxc4 7.Qc2 a6 8.Qxc4 b5
9.Qc2 Bb7 10.Bg5 Nbd7  1/2-1/2

[Event "Bundesliga 2003-4"]
[Site "St Ingbert GER"]
[Date "2004.02.15"]
[Round "9"]
[White "Savchenko,S"]
[Black "Lutz,C"]
[Result "1/2-1/2"]
[WhiteElo "2543"]
[BlackElo "2597"]

1.d4 Nf6 2.c4 e6 3.g3 d5 4.Nf3 Be7 5.Bg2 O-O 6.Qc2 c5 7.dxc5 Qa5+ 8.Qc3 Qxc5
9.cxd5 Nxd5 10.Qxc5 Bxc5 11.Bd2 Nc6 12.Nc3 Nxc3 13.Bxc3 Bd7 14.O-O Rfc8 15.Rac1 Be8
16.a3 Rd8  1/2-1/2

[Event "ch-CZE junior"]
[Site "Karlovy Vary CZE"]
[Date "2004.02.18"]
[Round "1"]
[White "Lahner,J"]
[Black "Kuncar,P"]
[Result "1/2-1/2"]
[WhiteElo "2267"]
[BlackElo "2086"]

1.d4 d5 2.c4 e6 3.Nf3 Nf6 4.g3 Be7 5.Bg2 O-O 6.Qc2 dxc4 7.Qxc4 c5 8.O-O cxd4
9.Nxd4 e5 10.Nf3 Nc6 11.Nc3 Be6 12.Qb5 Qc7 13.Be3 Rfd8 14.Ng5 Bf5 15.Nd5 Nxd5
16.Bxd5 Bg6 17.Rac1 Rac8 18.Rfd1 Rd7 19.Qb3 Bf8 20.Bxa7 h6 21.Bb6 Qb8 22.Ne4 Kh8
23.Nc3 Re8 24.a3 Nd4 25.Bxd4 exd4 26.Rxd4 Bc5 27.Rdd1 Qa7 28.Rf1 Re5 29.Rcd1 Rde7
30.Bf3 h5 31.Rd8+ Kh7 32.Nd5 Rxe2 33.Bxe2 Rxe2 34.Qf3 Bxf2+ 35.Qxf2 Rxf2
36.Rxf2 Qa5 37.Rd7 Qb5 38.Rd2 Qc5+ 39.Kf1 Bf5 40.Rd8  1/2-1/2

[Event "Aeroflot Open"]
[Site "Moscow RUS"]
[Date "2004.02.19"]
[Round "3"]
[White "Miton,K"]
[Black "Vaganian,R"]
[Result "1/2-1/2"]
[WhiteElo "2543"]
[BlackElo "2623"]

1.d4 d5 2.c4 e6 3.Nf3 Nf6 4.g3 Be7 5.Bg2 O-O 6.O-O dxc4 7.Nc3 Nbd7 8.e4 c6
9.Bf4 b5 10.d5 cxd5 11.exd5 Nxd5 12.Nxd5 exd5 13.Qxd5 Nb6 14.Qxd8 Rxd8 15.Ne5 Bf5
16.Bxa8 Rxa8 17.Nc6 Bf8 18.Rfe1 a6 19.Ne7+ Bxe7 20.Rxe7 Nd5 21.Re5 Be6 22.Bd2 Rc8
23.f4 g6 24.g4 Ne7 25.f5 gxf5 26.gxf5 Nxf5 27.Rf1 Nh4 28.Rg5+ Ng6 29.h4 h6
30.Rg3 h5 31.Rg5 Rd8 32.Bc3 Bg4 33.Rf6 Rd1+ 34.Kf2 Rh1 35.Rxa6 Rh2+ 36.Kg1 Rxh4
37.Rxb5 Rh3 38.a4 Rg3+ 39.Kh2 Rh3+ 40.Kg1 Rg3+ 41.Kf2 Rf3+ 42.Ke1 Re3+ 43.Kd2 Re2+
44.Kc1 h4 45.Rf6 Be6 46.a5 h3 47.a6 h2 48.Rf1 Bg4 49.a7 Bf3 50.Rb8+ Kh7 51.a8=Q Bxa8
52.Rxa8 Rg2 53.Bd4 f6 54.Ra7+ Kg8 55.Ra8+ Kh7 56.Re8 Ne5 57.Bxe5 fxe5 58.Re7+ Kh6
59.Re6+ Kh7 60.Re7+ Kh6 61.Rxe5 Rg1 62.Ree1 h1=Q 63.Rxg1 Qa8 64.Kb1 Qd5 65.Re2 Qd3+
66.Rc2 Qe4 67.Rd1 Kg5 68.Rd2 Qh1+ 69.Rc1 Qe4+ 70.Rdc2 Kf6 71.Ka2 Qa8+  1/2-1/2

[Event "II GM-Tage"]
[Site "Pulvermuehle GER"]
[Date "2004.02.19"]
[Round "1"]
[White "Doettling,F"]
[Black "Prusikin,M"]
[Result "1/2-1/2"]
[WhiteElo "2532"]
[BlackElo "2519"]

1.d4 Nf6 2.Nf3 e6 3.c4 d5 4.g3 Be7 5.Bg2 O-O 6.O-O dxc4 7.Qc2 a6 8.a4 Bd7
9.Qxc4 Bc6 10.Bg5 a5 11.Nc3 Na6 12.Rfd1 Nb4 13.Rac1 Rc8 14.Ne5 Bd5 15.Nxd5 exd5
16.Qb3 c6 17.Nd3 Re8 18.Bxf6 Bxf6 19.Nxb4 Qb6  1/2-1/2

[Event "5th Montenegro Open"]
[Site "Sozina SCG"]
[Date "2004.02.19"]
[Round "2"]
[White "Blagojevic,D"]
[Black "Bojkovic,N"]
[Result "1/2-1/2"]
[WhiteElo "2513"]
[BlackElo "2391"]

1.d4 Nf6 2.c4 e6 3.g3 d5 4.Nf3 Be7 5.Bg2 O-O 6.Qc2 c5 7.dxc5 Qa5+ 8.Nbd2 Qxc5
9.a3 Qc7 10.b4 a5 11.b5 Nbd7 12.Bb2 b6 13.Rc1 Bb7 14.Qb1 d4 15.c5 bxc5 16.Bxd4 e5
17.Be3  1/2-1/2

[Event "5th Montenegro Open"]
[Site "Sozina SCG"]
[Date "2004.02.19"]
[Round "2"]
[White "Jirka,J"]
[Black "Savic,Miod1"]
[Result "0-1"]
[WhiteElo "2415"]
[BlackElo "2522"]

1.d4 Nf6 2.c4 e6 3.g3 d5 4.Nf3 Be7 5.Bg2 O-O 6.O-O b6 7.cxd5 exd5 8.Nc3 Bb7
9.Qc2 Nbd7 10.Rd1 Re8 11.Bf4 a6 12.Ne5 Nf8 13.e4 dxe4 14.d5 Bd6 15.Nc6 Qd7
16.Bxd6 Qxd6 17.Nxe4 Nxe4 18.Bxe4 g6 19.Bg2 Nd7 20.Rac1 Nf6 21.b4 Bc8 22.Nd4 Bg4
23.f3 Bd7 24.Qxc7 Qxb4 25.Rb1 Qa4 26.Qd6 Kg7 27.Rd2 Qa5 28.Nb3 Qa4 29.Qxb6 Rab8
30.Qf2 Red8 31.Rbd1 Qa3 32.Nc5 Ba4 33.Nxa4 Qxa4 34.d6 Rb2 35.Rc1 Rxd2 36.Qxd2 Ne8
37.Qc3+ Kg8 38.Qc4 Qa3 39.Rc3 Qxd6 40.Bf1 Nf6 41.Rd3 Qb6+ 42.Kh1 Re8 43.Qd4 Qb1
44.Rd1 Qc2 45.Bc4 Kg7 46.Bb3 Qe2 47.Qd3 Qb2 48.Qd2 Qe5 49.Qd4 Qh5 50.Qd3 a5
51.Kg2 Re7 52.Rd2 Qc5 53.Rc2 Qb4 54.Qd2 Qb6 55.Qc3 h5 56.h4 Rd7 57.Rd2 Rc7
58.Qd4 Qb5 59.Qd3 Qb4 60.Qd6 Qb7 61.Qe5 Re7 62.Qc3 Qb6 63.Qd4 Qa6 64.Qd3 Qa7
65.Qd4 Qc7 66.Qc4 Qe5 67.Qd4 Qe1 68.Qf2 Qa1 69.Qf1 Re1 70.Qf2 Qe5 71.Rc2 Ng4
72.fxg4 Qe4+ 73.Qf3 Rg1+ 74.Kf2 Rf1+ 75.Kxf1 Qxf3+ 76.Rf2 Qh1+ 77.Ke2 hxg4
78.Rxf7+ Kh6 79.Rf6 Qg2+ 80.Kd1 Qg1+ 81.Ke2 Qxg3  0-1

[Event "ch-CZE junior"]
[Site "Karlovy Vary CZE"]
[Date "2004.02.22"]
[Round "6"]
[White "Tuma,J"]
[Black "Chalupa,I"]
[Result "1/2-1/2"]
[WhiteElo "2142"]
[BlackElo "2149"]

1.d4 d5 2.c4 e6 3.Nf3 Nf6 4.g3 Be7 5.Bg2 O-O 6.O-O a6 7.Qc2 dxc4 8.Qxc4 b5
9.Qc2 Bb7 10.Nbd2 Nbd7 11.e4  1/2-1/2

[Event "5th Montenegro Open"]
[Site "Sozina SCG"]
[Date "2004.02.22"]
[Round "5"]
[White "Tratar,M"]
[Black "Bojkovic,N"]
[Result "1/2-1/2"]
[WhiteElo "2464"]
[BlackElo "2391"]

1.Nf3 Nf6 2.c4 e6 3.g3 d5 4.d4 Be7 5.Bg2 O-O 6.O-O dxc4 7.Qc2 a6 8.Qxc4 b5
9.Qc2 Bb7 10.Bg5 Nbd7 11.Bxf6 Nxf6 12.Nbd2 Rc8 13.Nb3 c5 14.dxc5 Be4 15.Qc3 Bd5
16.Rfd1 Ne4 17.Qe1 Bxc5 18.Nxc5 Nxc5 19.Nh4 Qf6 20.Bxd5 exd5 21.Rab1 d4 22.Qd2 Ne6
23.Nf3 Rfd8 24.Rbc1 Rxc1 25.Rxc1 d3 26.Rc3  1/2-1/2

[Event "Aeroflot Open"]
[Site "Moscow RUS"]
[Date "2004.02.23"]
[Round "7"]
[White "Lastin,A"]
[Black "Korotylev,A"]
[Result "1/2-1/2"]
[WhiteElo "2625"]
[BlackElo "2547"]

1.d4 Nf6 2.c4 e6 3.g3 d5 4.Bg2 Be7 5.Nf3 O-O 6.O-O dxc4 7.Qc2 a6 8.Qxc4 b5
9.Qc2 Bb7 10.Bd2 Be4 11.Qc1 Qc8 12.Bg5 Nbd7 13.Nbd2 Bb7 14.Nb3 Re8 15.Rd1 Bd5
16.Bxf6 Bxf6 17.Qc2 a5 18.e4 Bxb3 19.Qxb3 c6 20.Rac1 Qa6 21.Rd2 a4 22.Qe3 Rac8
23.Rdc2 Rc7 24.e5 Be7 25.Nd2 Nb8 26.Be4 Rd8 27.Nf3 a3 28.b3 Qa5 29.Qd3 g6
30.Bxc6 Rdc8 31.Bb7 Rxc2 32.Rxc2 Rxc2 33.Qxc2 Qd8 34.d5 exd5 35.Qd3 Qb6 36.Bxd5 Na6
37.Be4 Nb4 38.Qd7 Qd8 39.Qxd8+ Bxd8 40.Nd4  1/2-1/2

[Event "ch-CZE"]
[Site "Karlovy Vary CZE"]
[Date "2004.02.26"]
[Round "10"]
[White "Bernasek,J"]
[Black "Polak,T"]
[Result "1/2-1/2"]
[WhiteElo "2381"]
[BlackElo "2490"]

1.d4 Nf6 2.c4 e6 3.g3 d5 4.Nf3 Be7 5.Bg2 O-O 6.O-O c6 7.Qc2 Nbd7 8.Nbd2 b6
9.Rd1 Bb7 10.e4 Rc8 11.e5 Ne8 12.b3 Qc7 13.Bb2 Qb8 14.Rac1 Nc7 15.Qb1 Rfd8
16.h4 h6 17.Nf1 dxc4 18.Rxc4 Nd5 19.Rcc1 Qa8 20.N3d2 c5 21.Ne4 b5 22.Nfd2 cxd4
23.Bxd4 Nb4 24.Rxc8 Rxc8 25.Nd6 Bxd6 26.Bxb7 Qxb7 27.exd6 Qa6 28.Ne4 f5 29.Nc5 Nxc5
30.Bxc5 Rxc5 31.d7 Nc6 32.Rd6 Qb6 33.d8=Q+ Qxd8 34.Rxd8+ Nxd8 35.Qd3 Rd5
36.Qc2 b4 37.Qc7 a5 38.Qe7 Kh7 39.h5 Rd1+ 40.Kg2 Rd5 41.f4 Rd2+ 42.Kh3 Rd5
43.Qe8 Rd3 44.Kh4 Rd5 45.g4 fxg4 46.Kxg4 Rd4 47.Kf3 Rd3+ 48.Ke2 Rd5 49.Ke3 Rf5
50.Qxd8 Rxh5 51.Ke4 Rd5 52.Qb6 Rf5 53.Qxe6 g6 54.Qe7+ Kg8 55.Qd7 Kh8 56.Qc8+ Kg7
57.Qc7+ Kg8 58.Qb8+ Kg7 59.Qa7+ Kh8 60.Qa8+ Kg7 61.Qb7+ Kg8 62.Qc8+ Kg7 63.Qd7+ Kh8
64.Qe8+ Kg7 65.Qe6 Kh7 66.a3 bxa3 67.Qe7+ Kg8 68.Qxa3 Kg7 69.Qe7+ Kg8 70.Qe8+ Kg7
71.Qd7+ Kg8 72.Qc8+ Kg7 73.Qc7+ Kg8 74.Kd4 Kh8 75.Qe7 Kg8 76.Ke4 Kh8 77.Qe8+ Kg7
78.Qe6 Kh7  1/2-1/2

[Event "20th Open"]
[Site "Cappelle la Grande FRA"]
[Date "2004.02.28"]
[Round "1"]
[White "Kengis,E"]
[Black "Vul,A"]
[Result "1-0"]
[WhiteElo "2572"]
[BlackElo "2470"]

1.Nf3 Nf6 2.g3 e6 3.d4 d5 4.Bg2 Be7 5.c4 O-O 6.Qc2 b6 7.O-O Bb7 8.cxd5 exd5
9.Nc3 c5 10.Rd1 Qc8 11.Bg5 Rd8 12.Nh4 g6 13.dxc5 Qxc5 14.Rac1 Ng4 15.Bxe7 Qxf2+
16.Kh1 Qe3 17.Ne4 Nd7 18.Bg5  1-0

[Event "II GM-Tage"]
[Site "Pulvermuehle GER"]
[Date "2004.02.28"]
[Round "11"]
[White "Prusikin,M"]
[Black "Bischoff,K"]
[Result "1/2-1/2"]
[WhiteElo "2519"]
[BlackElo "2561"]

1.d4 Nf6 2.c4 e6 3.g3 d5 4.Nf3 Be7 5.Bg2 O-O 6.O-O dxc4 7.Qc2 a6 8.a4 Bd7
9.Qxc4 Bc6 10.Bg5 a5 11.Nc3 Na6 12.Rfd1 Nb4 13.Rac1 Rc8 14.Ne5 Bd5 15.Nxd5 exd5
16.Qb5 c6 17.Qxb7 Rb8 18.Qa7 Ra8 19.Qb7 Rb8  1/2-1/2

[Event "20th Open"]
[Site "Cappelle la Grande FRA"]
[Date "2004.03.01"]
[Round "3"]
[White "Gleizerov,E"]
[Black "Naumkin,I"]
[Result "1/2-1/2"]
[WhiteElo "2589"]
[BlackElo "2416"]

1.d4 e6 2.c4 Nf6 3.g3 d5 4.Nf3 Be7 5.Bg2 O-O 6.O-O dxc4 7.Qc2 a6 8.a4 Bd7
9.Qxc4 Bc6 10.Bg5 a5 11.Nc3 Na6 12.Bxf6 Bxf6 13.e4 Nb4 14.Rfd1 b6 15.Ne1 Be7
16.Nb5 Qd7 17.Rac1 Rfc8 18.Nd3 Bb7 19.Ne5 Qd8 20.Bh3 c6 21.Nc3 Qd6 22.f4 Ba6
23.Qb3 c5 24.dxc5 Qxc5+ 25.Kh1 Bf6 26.Na2  1/2-1/2